| 000 | 00690nam a2200205 a 4500 | ||
|---|---|---|---|
| 003 | PILC | ||
| 005 | 20150112093431.0 | ||
| 008 | 100716s19uu xx 00 eng d | ||
| 020 | _a0471452203 | ||
| 050 |
_aHF 1379 _b.Sa38 2005 |
||
| 082 |
_aESF 337.22 _bSa3 2005 |
||
| 100 |
_aSalvatore, Dominick _910963 |
||
| 245 | _aIntroduction to international economics / | ||
| 250 | _a1st ed. | ||
| 260 |
_aNew Jersey : _bJohn Wiley & Sons, Inc, _c2005. |
||
| 300 |
_a337 pages : _billustration ; _c23 cm. |
||
| 650 |
_aInternational Trade _xInterantional trade-case studies _910964 |
||
| 650 |
_aInternational economic relations _xInternational economic relations- Cases _910965 |
||
| 942 |
_2lcc _cBK |
||
| 999 |
_c14380 _d14380 |
||